[Event "Oberfranken-ch"]
[Site "Schney"]
[Date "2020.01.05"]
[Round "6"]
[White "Seidel, Michael"]
[Black "Gorka, Michael"]
[Result "1-0"]
[WhiteElo "1997"]
[BlackElo "1900"]
[PlyCount "125"]
[EventDate "2020.01.03"]
[EventType "swiss"]
[EventRounds "7"]
[EventCountry "GER"]
[SourceTitle "CBM 194 Extra"]
[Source "ChessBase"]
[SourceDate "2020.03.31"]
[SourceVersion "1"]
[SourceVersionDate "2020.03.31"]
[SourceQuality "1"]

1. e4 c5 2. Nf3 d6 3. d4 cxd4 4. Nxd4 Nf6 5. Nc3 a6 6. Be2 Nbd7 7. a4 Nc5 8. Bf3 e5 9. Nb3 Be6 10. Be3 Be7 11. Nxc5 dxc5 12. 0-0 0-0 13. a5 Bc4 14. Re1 Qd7 15. Qb1 Qc6 16. b3 Be6 17. Na4 Bg4 18. Bxg4 Nxg4 19. Nb6 Nxe3 20. Rxe3 Bg5 21. Nd5 Rae8 22. Rf3 f5 23. c4 f4 24. Qd3 Bd8 25. g3 g5 26. Qd2 Kg7 27. Qc3 Kg6 28. Rd1 Rf7 29. Qe1 h6 30. Rfd3 Kg7 31. gxf4 exf4 32. Qc3+ Bf6 33. Nxf6 Qxf6 34. Qxf6+ Kxf6 35. Rd6+ Re6 36. f3 Rfe7 37. Rd8 g4 38. Rf8+ Rf7 39. Rxf7+ Kxf7 40. Rd7+ Ke8 41. Rxb7 gxf3 42. Kf2 Rxe4 43. Kxf3 Re3+ 44. Kxf4 Rh3 45. Ke5 Rxh2 46. Rb6 Kd7 47. Rxa6 Rh5+ 48. Kf4 Rh4+ 49. Kg3 Rd4 50. Rb6 Kc7 51. Kf3 h5 52. Ke3 h4 53. Rh6 Rg4 54. Kd2 Rg3 55. Kc2 h3 56. Kb2 Rg2+ 57. Ka3 h2 58. Ka4 Rb2 59. Kb5 Rxb3+ 60. Kxc5 Ra3 61. Rh7+ Kb8 62. Rxh2 Rxa5+ 63. Kb6 1-0

[Event "Oberfranken-ch"]
[Site "Schney"]
[Date "2020.01.03"]
[Round "1"]
[White "Orendt, Robert"]
[Black "Seidel, Michael"]
[Result "0-1"]
[WhiteElo "1647"]
[BlackElo "1997"]
[PlyCount "60"]
[EventDate "2020.01.03"]
[EventType "swiss"]
[EventRounds "7"]
[EventCountry "GER"]
[SourceTitle "CBM 194 Extra"]
[Source "ChessBase"]
[SourceDate "2020.03.31"]
[SourceVersion "1"]
[SourceVersionDate "2020.03.31"]
[SourceQuality "1"]

1. d4 d6 2. c4 Nf6 3. Nc3 g6 4. Nf3 Bg7 5. e3 0-0 6. Be2 Nbd7 7. 0-0 e5 8. Qc2 c6 9. b3 Qc7 10. Bb2 Re8 11. Rac1 a5 12. Rfe1 Nf8 13. Na4 Bf5 14. Qd1 Rad8 15. Nh4 Bc8 16. Nc3 e4 17. g3 h5 18. Ng2 N8h7 19. Nf4 Bg4 20. h4 Qd7 21. d5 c5 22. Rc2 Qf5 23. Nb1 Nd7 24. Nd2 Bxb2 25. Rxb2 Ne5 26. f3 exf3 27. Nxf3 Nf6 28. Nxe5 Qxe5 29. Qc1 Qxe3+ 30. Qxe3 Rxe3 0-1

[Event "Oberfranken-ch"]
[Site "Schney"]
[Date "2020.01.03"]
[Round "2"]
[White "Seidel, Michael"]
[Black "Schuepferling, Andreas"]
[Result "1-0"]
[WhiteElo "1997"]
[BlackElo "1941"]
[PlyCount "43"]
[EventDate "2020.01.03"]
[EventType "swiss"]
[EventRounds "7"]
[EventCountry "GER"]
[SourceTitle "CBM 194 Extra"]
[Source "ChessBase"]
[SourceDate "2020.03.31"]
[SourceVersion "1"]
[SourceVersionDate "2020.03.31"]
[SourceQuality "1"]

1. e4 c5 2. Nf3 e6 3. d4 cxd4 4. Nxd4 a6 5. Nc3 Qc7 6. Bd3 Nc6 7. Nxc6 bxc6 8. 0-0 Nf6 9. Qe2 d5 10. Kh1 Be7 11. f4 0-0 12. b3 g6 13. Bd2 c5 14. Rae1 d4 15. Nd1 Re8 16. Nf2 Bb7 17. Qf3 Bf8 18. Qh3 e5 19. f5 Nh5 20. Ng4 Re7 21. Bg5 Nf4 22. Nf6+ 1-0

[Event "Forchheim op 17th"]
[Site "Forchheim"]
[Date "2018.09.23"]
[Round "5"]
[White "Seidel, Michael"]
[Black "Reinhard, Ralf Peter"]
[Result "1/2-1/2"]
[WhiteElo "2042"]
[BlackElo "1893"]
[PlyCount "51"]
[EventDate "2018.09.21"]
[EventType "swiss"]
[EventRounds "5"]
[EventCountry "GER"]
[SourceTitle "EXT 2019"]
[Source "ChessBase"]
[SourceDate "2018.10.10"]
[SourceVersion "1"]
[SourceVersionDate "2018.10.10"]
[SourceQuality "1"]

1. e4 c5 2. Be2 Nc6 3. f4 d6 4. d3 g6 5. Nf3 Bg7 6. 0-0 e6 7. c3 Nge7 8. Na3 0-0 9. Qe1 a6 10. Nc2 e5 11. Qh4 f6 12. fxe5 dxe5 13. Be3 b6 14. Rad1 Qc7 15. d4 cxd4 16. cxd4 exd4 17. Ncxd4 b5 18. Rc1 Qb7 19. Nb3 Qb8 20. Nc5 Ne5 21. Nxe5 Qxe5 22. Nd3 Qe6 23. b3 Nc6 24. Nc5 Qe8 25. a4 Ne5 26. Bd4 1/2-1/2

[Event "Regionalliga NW 1516"]
[Site "Bayern"]
[Date "2016.04.10"]
[Round "9.2"]
[White "Herbst, Christoph"]
[Black "Seidel, Michael"]
[Result "1/2-1/2"]
[WhiteElo "2025"]
[BlackElo "1996"]
[PlyCount "50"]
[EventDate "2015.10.11"]
[EventType "team-tourn"]
[EventRounds "9"]
[EventCountry "GER"]
[SourceTitle "EXT 2018"]
[Source "ChessBase"]
[SourceDate "2017.10.13"]
[SourceVersion "1"]
[SourceVersionDate "2017.10.13"]
[SourceQuality "1"]
[WhiteTeam "Bad Neustadt"]
[BlackTeam "Hof PTSV"]
[WhiteTeamCountry "GER"]
[BlackTeamCountry "GER"]

1. e4 d6 2. d4 Nf6 3. Nc3 g6 4. Nf3 Bg7 5. h3 c6 6. a4 a5 7. Be3 0-0 8. Qd2 Re8 9. Rd1 Na6 10. Bxa6 Rxa6 11. 0-0 d5 12. e5 Nd7 13. Bh6 Bh8 14. b3 Nf8 15. Nh2 f5 16. f4 Be6 17. Nf3 Qd7 18. Kh2 b5 19. Qd3 Rb6 20. Ra1 b4 21. Ne2 Bg7 22. Bxg7 Kxg7 23. Rg1 h5 24. Qe3 Qc7 25. Nc1 Bc8 1/2-1/2

[Event "Regionalliga NW 1516"]
[Site "Bayern"]
[Date "2015.12.13"]
[Round "4.2"]
[White "Seidel, Michael"]
[Black "Behl, Claus"]
[Result "0-1"]
[WhiteElo "1996"]
[BlackElo "2031"]
[PlyCount "130"]
[EventDate "2015.10.11"]
[EventType "team-tourn"]
[EventRounds "9"]
[EventCountry "GER"]
[SourceTitle "EXT 2018"]
[Source "ChessBase"]
[SourceDate "2017.10.13"]
[SourceVersion "1"]
[SourceVersionDate "2017.10.13"]
[SourceQuality "1"]
[WhiteTeam "Hof PTSV"]
[BlackTeam "Moembris"]
[WhiteTeamCountry "GER"]
[BlackTeamCountry "GER"]

1. e4 e6 2. d4 d5 3. e5 c5 4. Nf3 Qb6 5. Bd3 cxd4 6. 0-0 Nc6 7. a3 a5 8. Re1 Nge7 9. h4 Bd7 10. Nbd2 g6 11. Nf1 Nf5 12. N3h2 h5 13. g4 hxg4 14. Nxg4 Be7 15. Bg5 0-0-0 16. Nf6 Qxb2 17. Qe2 Qc3 18. Rab1 Qxa3 19. Ba6 Nb4 20. Bxb7+ Kxb7 21. Nxd7 d3 22. cxd3 Rxd7 23. Bxe7 Rxe7 24. Nd2 Qc3 25. Nb3 Kb6 26. Rec1 Qxd3 27. Qxd3 Nxd3 28. Nc5+ Ka7 29. Nxd3 Rxh4 30. Rc5 Rb7 31. Rxa5+ Kb8 32. Rba1 Kc8 33. Nc5 Rb8 34. Ra7 Rc4 35. Nd7 Rb7 36. Nf6 Rxa7 37. Rxa7 Nh6 38. Ra8+ Kb7 39. Rh8 Ng4 40. Ne8 Kc6 41. Nd6 Rf4 42. Rh4 g5 43. Rh5 Nxe5 44. Ne8 Nf3+ 45. Kg2 Rh4 46. Ng7 Rxh5 47. Nxh5 Ne5 48. Nf6 Kc5 49. Kf1 Kc4 50. Ke2 d4 51. Ne4 g4 52. Nd2+ Kd5 53. Nf1 f5 54. Ng3 Kc4 55. Kd2 Ng6 56. Kc2 Nf4 57. Kd2 Nh3 58. Ke1 Kd3 59. Nf1 e5 60. Ng3 f4 61. Nf5 e4 62. Kf1 e3 63. Nh6 Nxf2 64. Nf5 Ne4 65. Ke1 f3 0-1

[Event "Regionalliga NW 1415"]
[Site "Bayern"]
[Date "2014.12.07"]
[Round "4.4"]
[White "Seidel, Michael"]
[Black "Dommermuth, Horst"]
[Result "1/2-1/2"]
[WhiteElo "1996"]
[BlackElo "1828"]
[PlyCount "67"]
[EventDate "2014.10.19"]
[EventType "team-tourn"]
[EventRounds "9"]
[EventCountry "GER"]
[SourceTitle "EXT 2018"]
[Source "ChessBase"]
[SourceDate "2017.10.13"]
[SourceVersion "1"]
[SourceVersionDate "2017.10.13"]
[SourceQuality "1"]
[WhiteTeam "Hof PTSV"]
[BlackTeam "Aschaffenburg Schweinheim"]
[WhiteTeamCountry "GER"]
[BlackTeamCountry "GER"]

1. e4 c5 2. Nf3 Nc6 3. d4 cxd4 4. Nxd4 Nf6 5. Nc3 e6 6. Ndb5 d6 7. Bf4 e5 8. Bg5 a6 9. Na3 b5 10. Bxf6 Qxf6 11. Nd5 Qd8 12. Bd3 Be7 13. 0-0 0-0 14. c4 bxc4 15. Nxc4 Be6 16. Nce3 Bg5 17. Qa4 Bxe3 18. Qxc6 Bxd5 19. Qxd5 Bd4 20. Rab1 a5 21. b4 axb4 22. Rxb4 Bc5 23. Rb7 Rb8 24. Bc4 Rxb7 25. Qxb7 Qb6 26. Qxb6 Bxb6 27. Rb1 Rb8 28. Kf1 Ba7 29. Bb3 Kf8 30. Rc1 Bc5 31. g3 Rb5 32. f3 g6 33. Ke2 Ke7 34. Rc4 1/2-1/2

[Event "Regionalliga NW 1415"]
[Site "Bayern"]
[Date "2014.10.19"]
[Round "1.4"]
[White "Pabel, Ralph"]
[Black "Seidel, Michael"]
[Result "0-1"]
[WhiteElo "1867"]
[BlackElo "1996"]
[PlyCount "185"]
[EventDate "2014.10.19"]
[EventType "team-tourn"]
[EventRounds "9"]
[EventCountry "GER"]
[SourceTitle "EXT 2018"]
[Source "ChessBase"]
[SourceDate "2017.10.13"]
[SourceVersion "1"]
[SourceVersionDate "2017.10.13"]
[SourceQuality "1"]
[WhiteTeam "Mainaschaff"]
[BlackTeam "Hof PTSV"]
[WhiteTeamCountry "GER"]
[BlackTeamCountry "GER"]

1. d4 Nf6 2. c4 g6 3. Nc3 Bg7 4. e4 d6 5. Be3 0-0 6. f3 Nbd7 7. Nge2 c6 8. Qd2 Re8 9. g4 e5 10. d5 cxd5 11. cxd5 Qa5 12. Ng3 Nc5 13. h4 Nb3 14. axb3 Qxa1+ 15. Kf2 Qa5 16. h5 Rf8 17. Kg2 Qb4 18. Bh6 Qd4 19. Qg5 Bxh6 20. Qxh6 Bxg4 21. fxg4 Nxg4 22. Qg5 Ne3+ 23. Kf3 f5 24. Qxe3 fxe4+ 25. Ke2 Qxe3+ 26. Kxe3 Rf3+ 27. Kxe4 Rxg3 28. Rh3 Rg1 29. Be2 Rf8 30. hxg6 hxg6 31. Nb5 Rf4+ 32. Kd3 Rb1 33. Kc2 Re1 34. Rh2 Rf6 35. Nxa7 Kg7 36. Nb5 Rg1 37. Nc3 Rf4 38. Bd3 Rf8 39. Rh4 Rf2+ 40. Be2 g5 41. Rb4 g4 42. Rxb7+ Kf8 43. Kd3 g3 44. Rb4 Re1 45. Rg4 g2 46. Ke3 Ref1 47. Rxg2 Rxg2 48. Bxf1 Rxb2 49. Bc4 Ke7 50. Ne4 Rh2 51. Be2 Rh3+ 52. Bf3 Rh2 53. Nd2 Rh4 54. Be4 Rh3+ 55. Nf3 Rh5 56. Kd3 Kd7 57. Kc3 Kc7 58. Kb4 Kb6 59. Nd2 Rh4 60. Nc4+ Kc7 61. Nd2 Kb6 62. Kc3 Rh3+ 63. Kc4 Rh4 64. Kc3 Rh3+ 65. Kb4 Rh4 66. Nc4+ Kc7 67. Bf3 Rf4 68. Bg2 Rg4 69. Bh3 Rg3 70. Be6 e4 71. Na3 e3 72. Nc2 e2 73. Kc4 Rg1 74. Kd3 e1Q 75. Nxe1 Rxe1 76. Bg4 Kb6 77. Bf3 Kc5 78. Kd2 Re5 79. Kd3 Kb4 80. Kc2 Re3 81. Bg4 Rxb3 82. Bd7 Rg3 83. Kd2 Kc4 84. Bc6 Kd4 85. Kc2 Rd3 86. Bb7 Ra3 87. Kb2 Rc3 88. Bc6 Rc4 89. Kb3 Rc5 90. Kb2 Rxd5 91. Bxd5 Kxd5 92. Kc3 Ke4 93. Kd2 0-1

[Event "Wunsiedel op 8th"]
[Site "Wunsiedel"]
[Date "2014.05.29"]
[Round "1"]
[White "Seidel, Michael"]
[Black "Rambaldi, Francesco"]
[Result "0-1"]
[WhiteElo "2047"]
[BlackElo "2413"]
[PlyCount "110"]
[EventDate "2014.05.29"]
[EventType "swiss"]
[EventRounds "7"]
[EventCountry "GER"]
[SourceTitle "CBM 160 Extra"]
[Source "ChessBase"]
[SourceDate "2014.07.01"]
[SourceVersion "1"]
[SourceVersionDate "2014.07.01"]
[SourceQuality "1"]

1. e4 e6 2. d4 d5 3. e5 c5 4. Nf3 cxd4 5. Bd3 Nc6 6. 0-0 Bc5 7. a3 a6 8. Re1 h6 9. b4 Ba7 10. h4 Nge7 11. Bf4 Bd7 12. Nbd2 f6 13. Nb3 0-0 14. Qd2 fxe5 15. Nxe5 Nxe5 16. Bxe5 Nc6 17. Bd6 Rf7 18. Bg6 Rf6 19. Bd3 Bb8 20. Bxb8 Rxb8 21. f4 Bc8 22. Re2 Qd6 23. Rf1 Bd7 24. Ref2 Rbf8 25. b5 axb5 26. Bxb5 Qxa3 27. Bxc6 Bxc6 28. Qxd4 Bb5 29. Re1 Bc4 30. Ra1 Qd6 31. Na5 b5 32. Nxc4 bxc4 33. Ra7 R6f7 34. Rxf7 Rxf7 35. c3 Qd8 36. g3 Qf6 37. Qe3 Rb7 38. Rc2 Rb1+ 39. Kg2 Rd1 40. Rd2 Rb1 41. Kh2 Rb3 42. Rd4 Qf5 43. Rd2 Kh7 44. Qf3 Qf6 45. Rc2 Qf5 46. Rd2 Ra3 47. g4 Qf6 48. g5 Qxc3 49. g6+ Kxg6 50. Rg2+ Kh7 51. Qg4 Qf6 52. h5 Ra8 53. Re2 Rf8 54. Kh3 Qxf4 55. Qg6+ Kh8 0-1

[Event "Regionalliga NW 1314"]
[Site "Bayern"]
[Date "2014.02.23"]
[Round "7.6"]
[White "Tauchmann, Bernd"]
[Black "Seidel, Michael"]
[Result "0-1"]
[WhiteElo "1761"]
[BlackElo "1947"]
[PlyCount "38"]
[EventDate "2013.10.13"]
[EventType "team-tourn"]
[EventRounds "9"]
[EventCountry "GER"]
[SourceTitle "EXT 2015"]
[Source "ChessBase"]
[SourceDate "2014.11.20"]
[SourceVersion "1"]
[SourceVersionDate "2014.11.20"]
[SourceQuality "1"]
[WhiteTeam "Thiersheim"]
[BlackTeam "Hof"]
[WhiteTeamCountry "GER"]
[BlackTeamCountry "GER"]

1. e4 d6 2. d4 Nf6 3. Nc3 g6 4. Nf3 Bg7 5. Bc4 0-0 6. Bf4 Nxe4 7. Nxe4 d5 8. Bxc7 Qxc7 9. Bxd5 Qa5+ 10. Nc3 Rd8 11. Bb3 Nc6 12. 0-0 Nxd4 13. Nxd4 Bxd4 14. Qf3 Qf5 15. Qxf5 Bxf5 16. Nd1 Bb6 17. Ne3 Be4 18. Rad1 e6 19. Rd2 Rxd2 0-1

[Event "Regionalliga NW 1314"]
[Site "Bayern"]
[Date "2013.12.15"]
[Round "4.5"]
[White "Kwossek, Georg"]
[Black "Seidel, Michael"]
[Result "0-1"]
[WhiteElo "1953"]
[BlackElo "1947"]
[PlyCount "133"]
[EventDate "2013.10.13"]
[EventType "team-tourn"]
[EventRounds "9"]
[EventCountry "GER"]
[SourceTitle "EXT 2015"]
[Source "ChessBase"]
[SourceDate "2014.11.20"]
[SourceVersion "1"]
[SourceVersionDate "2014.11.20"]
[SourceQuality "1"]
[WhiteTeam "Kitzingen"]
[BlackTeam "Hof"]
[WhiteTeamCountry "GER"]
[BlackTeamCountry "GER"]

1. d4 Nf6 2. Nf3 g6 3. c4 Bg7 4. Nc3 0-0 5. e4 d6 6. Be2 e5 7. Be3 Ng4 8. Bg5 f6 9. Bh4 g5 10. Bg3 Nh6 11. h3 Nc6 12. d5 Ne7 13. Nd2 f5 14. f3 Ng6 15. Bf2 b6 16. Bf1 Bd7 17. g3 Qe7 18. Bg2 a5 19. b3 Kh8 20. a3 fxe4 21. fxe4 Rf7 22. 0-0 Ng8 23. Nb5 Be8 24. a4 Bf6 25. Qe1 h5 26. c5 dxc5 27. Nc4 Bxb5 28. axb5 Qd8 29. d6 cxd6 30. Qd1 h4 31. Nxd6 Rd7 32. Qh5+ Rh7 33. Nf7+ Kg7 34. Qxh7+ Kxh7 35. Nxd8 Bxd8 36. gxh4 Nf4 37. Be3 Ra7 38. Rf2 Bf6 39. Rd1 Rg7 40. Kf1 Be7 41. Rd7 Nf6 42. Rb7 N6h5 43. hxg5 Bxg5 44. Rxg7+ Kxg7 45. Rd2 Ng3+ 46. Kf2 Bh4 47. Rd7+ Kg6 48. Bxf4 Nxe4+ 49. Ke3 Nf6 50. Rd6 exf4+ 51. Kxf4 Bf2 52. Bf1 Bg1 53. Bc4 Bh2+ 54. Kf3 Bxd6 55. Ke3 Kf5 56. Bd3+ Ke5 57. h4 Bf8 58. Bg6 Nd5+ 59. Kd2 Kd4 60. Bf7 Bh6+ 61. Kc2 Nb4+ 62. Kb2 Bg7 63. h5 Kd3+ 64. Kb1 Kc3 65. Be6 Nc2 66. Bf7 Nd4 67. Ka2 0-1

[Event "Regionalliga NW 1213"]
[Site "Bayern"]
[Date "2013.04.14"]
[Round "9.5"]
[White "Vogt, Thomas"]
[Black "Seidel, Michael"]
[Result "1-0"]
[WhiteElo "1919"]
[BlackElo "1917"]
[PlyCount "111"]
[EventDate "2012.10.14"]
[EventType "team-tourn"]
[EventRounds "9"]
[EventCountry "GER"]
[SourceTitle "EXT 2015"]
[Source "ChessBase"]
[SourceDate "2014.11.20"]
[SourceVersion "1"]
[SourceVersionDate "2014.11.20"]
[SourceQuality "1"]
[WhiteTeam "Wuerzburg II"]
[BlackTeam "Hof"]
[WhiteTeamCountry "GER"]
[BlackTeamCountry "GER"]

1. d4 Nf6 2. Nf3 g6 3. Nc3 Bg7 4. e4 d6 5. Be3 c6 6. Qd2 b5 7. Bd3 Ng4 8. Bg5 h6 9. Bh4 g5 10. Bg3 Nf6 11. h3 Nh5 12. Bh2 Nd7 13. g4 Nhf6 14. e5 dxe5 15. dxe5 Nh7 16. e6 Nc5 17. exf7+ Kxf7 18. Ne5+ Bxe5 19. Bxe5 Nxd3+ 20. cxd3 Nf6 21. 0-0-0 Be6 22. f4 Qa5 23. fxg5 hxg5 24. Rde1 b4 25. Ne4 Nxe4 26. Rxe4 Qxa2 27. Qxg5 Rag8 28. Qf4+ Ke8 29. Bxh8 Qa1+ 30. Kd2 Qxh1 31. Rxe6 Rxh8 32. Qb8+ Kf7 33. Rxe7+ Kxe7 34. Qxh8 Qg2+ 35. Ke3 Qg1+ 36. Ke4 Qg2+ 37. Kf5 Qf3+ 38. Kg5 Qe3+ 39. Kh4 Kd6 40. Qb8+ Kd5 41. Qd8+ Kc5 42. Qa5+ Kd6 43. Qxb4+ Kc7 44. Qa5+ Kb7 45. Qf5 Qe1+ 46. Kh5 Qe8+ 47. Kh6 Kb6 48. Qf2+ c5 49. Qf6+ Kb5 50. g5 Qe3 51. Qf5 a5 52. h4 Qd4 53. Qe4 Qh8+ 54. Qh7 Qe5 55. Qb7+ Ka4 56. Qe4+ 1-0

[Event "Regionalliga NW 1213"]
[Site "Bayern"]
[Date "2013.02.24"]
[Round "7.5"]
[White "Chalus, Karel"]
[Black "Seidel, Michael"]
[Result "1-0"]
[WhiteElo "2022"]
[BlackElo "1917"]
[PlyCount "81"]
[EventDate "2012.10.14"]
[EventType "team-tourn"]
[EventRounds "9"]
[EventCountry "GER"]
[SourceTitle "EXT 2015"]
[Source "ChessBase"]
[SourceDate "2014.11.20"]
[SourceVersion "1"]
[SourceVersionDate "2014.11.20"]
[SourceQuality "1"]
[WhiteTeam "Kirchenlaibach"]
[BlackTeam "Hof"]
[WhiteTeamCountry "GER"]
[BlackTeamCountry "GER"]

1. e4 d6 2. d4 Nf6 3. Nc3 g6 4. Bc4 Bg7 5. Nf3 0-0 6. 0-0 Nxe4 7. Nxe4 d5 8. Bd3 dxe4 9. Bxe4 c6 10. c3 Nd7 11. Qb3 Qc7 12. Re1 Nf6 13. Bd3 a5 14. Bg5 a4 15. Qc2 Re8 16. h4 Ng4 17. h5 e6 18. hxg6 hxg6 19. Re4 e5 20. Nxe5 Nxe5 21. dxe5 Bf5 22. Re3 Bxd3 23. Qxd3 Bxe5 24. Rae1 Bh2+ 25. Kf1 Rxe3 26. Rxe3 Bf4 27. Re7 Qb8 28. Qc4 Qf8 29. Qxf4 Rd8 30. Qe3 a3 31. bxa3 Ra8 32. Bh6 Qd8 33. Qd4 Qxd4 34. cxd4 Rxa3 35. Rxb7 Rxa2 36. Bf4 Ra1+ 37. Ke2 Ra2+ 38. Kf3 Ra3+ 39. Ke4 Ra2 40. Be5 f5+ 41. Kf3 1-0

[Event "Regionalliga NW 1213"]
[Site "Bayern"]
[Date "2013.01.13"]
[Round "5.6"]
[White "Seidel, Michael"]
[Black "Kuespert, Helmut"]
[Result "1-0"]
[WhiteElo "1917"]
[BlackElo "1890"]
[PlyCount "85"]
[EventDate "2012.10.14"]
[EventType "team-tourn"]
[EventRounds "9"]
[EventCountry "GER"]
[SourceTitle "EXT 2015"]
[Source "ChessBase"]
[SourceDate "2014.11.20"]
[SourceVersion "1"]
[SourceVersionDate "2014.11.20"]
[SourceQuality "1"]
[WhiteTeam "Hof"]
[BlackTeam "Marktleuthen"]
[WhiteTeamCountry "GER"]
[BlackTeamCountry "GER"]

1. e4 c5 2. Nf3 e6 3. d4 cxd4 4. Nxd4 a6 5. Be2 Nf6 6. Bf3 d6 7. 0-0 Nbd7 8. c4 Be7 9. Nc3 Qc7 10. Be2 b6 11. Be3 Bb7 12. f3 0-0 13. Qd2 Rac8 14. Rac1 Qb8 15. g4 h6 16. g5 hxg5 17. Bxg5 Rfe8 18. Rf2 d5 19. cxd5 exd5 20. exd5 Nxd5 21. Bxe7 Nxc3 22. Rxc3 Rxc3 23. bxc3 Rxe7 24. Nf5 Rxe2 25. Rxe2 Ne5 26. Nd4 Nxf3+ 27. Nxf3 Bxf3 28. Re7 Qc8 29. Rd7 Qc5+ 30. Rd4 Qh5 31. Qf4 Qg6+ 32. Qg3 Qb1+ 33. Kf2 Bh5 34. Rd8+ Kh7 35. Qd3+ Qxd3 36. Rxd3 Bg6 37. Rd6 b5 38. Rxa6 Bd3 39. Rc6 g6 40. Ke3 Bb1 41. Ra6 Kg7 42. Ra5 f5 43. a3 1-0

[Event "Nuremberg LGA Cup 8th"]
[Site "Nuremberg"]
[Date "2011.09.10"]
[Round "4"]
[White "Seidel, Michael"]
[Black "Goebel, Constantin"]
[Result "0-1"]
[WhiteElo "1925"]
[BlackElo "2224"]
[PlyCount "86"]
[EventDate "2011.09.08"]
[EventType "swiss"]
[EventRounds "7"]
[EventCountry "GER"]
[SourceTitle "CBM 144 Extra"]
[Source "ChessBase"]
[SourceDate "2011.10.28"]
[SourceVersion "1"]
[SourceVersionDate "2011.10.28"]
[SourceQuality "1"]

1. e4 c5 2. Nf3 Nc6 3. d4 cxd4 4. Nxd4 e5 5. Nxc6 bxc6 6. Bd3 Nf6 7. 0-0 Be7 8. Nc3 0-0 9. b3 d5 10. Qe1 Re8 11. Bd2 Bd6 12. Bg5 Bb7 13. f3 h6 14. Bd2 Nh5 15. Kh1 Nf4 16. Bxf4 exf4 17. Ne2 Qf6 18. c4 Rad8 19. Qa5 Bb8 20. Rad1 Qh4 21. cxd5 cxd5 22. Bb5 Rf8 23. exd5 Bxd5 24. Nc3 Be6 25. Bc6 Rc8 26. Bd7 Bxd7 27. Rxd7 Rce8 28. Ne4 Rxe4 29. fxe4 f3 30. g3 Bxg3 31. Qd2 f2 32. Kg2 Qxh2+ 33. Kf3 Bh4 34. Ke2 Qh3 35. Qd5 Qg4+ 36. Kd3 Qf3+ 37. Kd4 Qe2 38. Qc4 Qd2+ 39. Qd3 Bf6+ 40. e5 Qf4+ 41. Qe4 Bxe5+ 42. Kd5 Qd2+ 43. Kc6 Rc8+ 0-1

[Event "Regionalliga NW 1011"]
[Site "Bayern"]
[Date "2011.02.27"]
[Round "7.6"]
[White "Seidel, Michael"]
[Black "Reichel, Alfred"]
[Result "1/2-1/2"]
[WhiteElo "1901"]
[BlackElo "2004"]
[PlyCount "23"]
[EventDate "2010.10.10"]
[EventType "team-tourn"]
[EventRounds "9"]
[EventCountry "GER"]
[SourceTitle "EXT 2012"]
[Source "ChessBase"]
[SourceDate "2011.11.24"]
[SourceVersion "1"]
[SourceVersionDate "2011.11.24"]
[SourceQuality "1"]
[WhiteTeam "Hof PTSV"]
[BlackTeam "Kirchenlaibach"]
[WhiteTeamCountry "GER"]
[BlackTeamCountry "GER"]

1. e4 e5 2. Bc4 Nf6 3. d3 Nc6 4. Nf3 Bc5 5. c3 Qe7 6. 0-0 d6 7. Re1 h6 8. Nbd2 0-0 9. Nf1 Bb6 10. Be3 Be6 11. Bxb6 axb6 12. Ne3 1/2-1/2

[Event "Regionalliga NW 1011"]
[Site "Bayern"]
[Date "2010.10.24"]
[Round "2.6"]
[White "Nuernberger, Stefan"]
[Black "Seidel, Michael"]
[Result "1/2-1/2"]
[WhiteElo "2004"]
[BlackElo "1901"]
[PlyCount "50"]
[EventDate "2010.10.10"]
[EventType "team-tourn"]
[EventRounds "9"]
[EventCountry "GER"]
[SourceTitle "EXT 2012"]
[Source "ChessBase"]
[SourceDate "2011.11.24"]
[SourceVersion "1"]
[SourceVersionDate "2011.11.24"]
[SourceQuality "1"]
[WhiteTeam "Marktleuthen"]
[BlackTeam "Hof PTSV"]
[WhiteTeamCountry "GER"]
[BlackTeamCountry "GER"]

1. d4 Nf6 2. Nf3 g6 3. Bg5 Bg7 4. Nbd2 d5 5. e3 0-0 6. h3 Nbd7 7. Be2 c5 8. c3 Qb6 9. Qb3 Qxb3 10. Nxb3 b6 11. Bb5 c4 12. Bc6 Rb8 13. Nbd2 b5 14. Ne5 e6 15. Nxd7 Bxd7 16. Bxf6 Bxc6 17. Bxg7 Kxg7 18. b4 a5 19. a3 Ra8 20. Ke2 Ra7 21. bxa5 Rxa5 22. Ra2 Rfa8 23. Rha1 Ra4 24. Nf3 f6 25. Ne1 g5 1/2-1/2

[Event "Regionalliga NW 1011"]
[Site "Bayern"]
[Date "2010.10.10"]
[Round "1.7"]
[White "Seidel, Michael"]
[Black "Schwarzmann, Holger"]
[Result "1-0"]
[WhiteElo "1901"]
[BlackElo "1729"]
[PlyCount "71"]
[EventDate "2010.10.10"]
[EventType "team-tourn"]
[EventRounds "9"]
[EventCountry "GER"]
[SourceTitle "EXT 2012"]
[Source "ChessBase"]
[SourceDate "2011.11.24"]
[SourceVersion "1"]
[SourceVersionDate "2011.11.24"]
[SourceQuality "1"]
[WhiteTeam "Hof PTSV"]
[BlackTeam "Hoechstadt/Aisch"]
[WhiteTeamCountry "GER"]
[BlackTeamCountry "GER"]

1. e4 d5 2. exd5 Qxd5 3. Nc3 Qa5 4. d4 c6 5. Nf3 Bg4 6. Bd2 e6 7. Bc4 Nf6 8. h3 Bh5 9. Qe2 Be7 10. 0-0-0 Qc7 11. g4 Bg6 12. Ne5 Nbd7 13. h4 b5 14. h5 Bxc2 15. Kxc2 bxc4 16. Qxc4 Nxe5 17. dxe5 Nd5 18. f4 Rc8 19. Kb1 0-0 20. g5 Rb8 21. Ne4 Bb4 22. g6 fxg6 23. Ng5 Qc8 24. Bc1 h6 25. hxg6 Qe8 26. Nf7 a5 27. Rh3 Rb7 28. f5 Nb6 29. Qh4 Rbxf7 30. gxf7+ Qxf7 31. f6 Qg6+ 32. Ka1 Qc2 33. Rg1 Kf7 34. fxg7 Rg8 35. Qf6+ Ke8 36. Qxe6+ 1-0

[Event "Nuremberg LGA Cup 7th"]
[Site "Nuremberg"]
[Date "2010.09.05"]
[Round "6"]
[White "Hirschmann, Jakob"]
[Black "Seidel, Michael"]
[Result "0-1"]
[WhiteElo "1723"]
[BlackElo "1901"]
[PlyCount "46"]
[EventDate "2010.09.02"]
[EventType "swiss"]
[EventRounds "7"]
[EventCountry "GER"]
[SourceTitle "CBM 138 Extra"]
[Source "ChessBase"]
[SourceDate "2010.10.29"]
[SourceVersion "1"]
[SourceVersionDate "2010.10.29"]
[SourceQuality "1"]

1. e4 d6 2. d4 Nf6 3. Nc3 g6 4. Bc4 Bg7 5. Nge2 0-0 6. 0-0 Nxe4 7. Nxe4 d5 8. Bd3 dxe4 9. Bxe4 c6 10. c3 Nd7 11. Bf4 Nf6 12. Bd3 Qb6 13. Qd2 Re8 14. Rab1 c5 15. Bh6 Bh8 16. h3 cxd4 17. Nxd4 e5 18. Nb3 Be6 19. Qc2 Nd5 20. Nd2 Rac8 21. Nc4 Qd8 22. Ne3 Nb4 23. Qe2 Qxd3 0-1

[Event "Regionalliga NW 0910"]
[Site "Bayern"]
[Date "2010.04.11"]
[Round "9.6"]
[White "Seidel, Michael"]
[Black "Horther, Heinrich"]
[Result "1/2-1/2"]
[WhiteElo "1930"]
[BlackElo "1980"]
[PlyCount "36"]
[EventDate "2009.10.18"]
[EventType "team-tourn"]
[EventRounds "9"]
[EventCountry "GER"]
[SourceTitle "EXT 2011"]
[Source "ChessBase"]
[SourceDate "2010.11.26"]
[SourceVersion "1"]
[SourceVersionDate "2010.11.26"]
[SourceQuality "1"]
[WhiteTeam "Hof"]
[BlackTeam "Kronach"]
[WhiteTeamCountry "GER"]
[BlackTeamCountry "GER"]

1. e4 e6 2. d4 d5 3. e5 c5 4. Nf3 Bd7 5. Bd3 Qb6 6. 0-0 Bb5 7. Bxb5+ Qxb5 8. Na3 Qb6 9. c4 cxd4 10. cxd5 exd5 11. e6 fxe6 12. Nxd4 Nf6 13. Re1 Nc6 14. Nxc6 Qxc6 15. Nc2 Bc5 16. Nd4 Bxd4 17. Qxd4 0-0 18. Bf4 Ne4 1/2-1/2